000
00316nam a2200133Ia 4500
008
200103s9999||||xx |||||||||||||| ||und||
040
_a
IMU-MPC
082
_a
Column-46
100
_a
Rushbrook, Frank
245
0
_a
Fire Aboard
260
_b
The Technical Press Ltd., London
_c
1961
300
_a
xvi, 470
942
_c
BK
999
_c
9339
_d
9339